<?xml version="1.0" encoding="UTF-8"?>
<marc:record xmlns:marc="http://www.loc.gov/MARC21/slim">
   <marc:leader>00000nam a2200000 a 4500</marc:leader>
   <marc:datafield ind1="1" ind2=" " tag="100">
      <marc:subfield code="a">Anthony, Lawrence</marc:subfield>
      <marc:subfield code="4">aut</marc:subfield>
      <marc:subfield code="e">Verfasser/-in</marc:subfield>
   </marc:datafield>
   <marc:datafield ind1="0" ind2="0" tag="245">
      <marc:subfield code="a">Der Elefantenflüsterer</marc:subfield>
   </marc:datafield>
   <marc:datafield ind1="0" ind2="0" tag="245">
      <marc:subfield code="b">Mein Leben mit den sanften Riesen und was sie mir beibrachten</marc:subfield>
   </marc:datafield>
   <marc:datafield ind1=" " ind2="1" tag="264">
      <marc:subfield code="b">mvg Verlag</marc:subfield>
      <marc:subfield code="c">2016</marc:subfield>
   </marc:datafield>
   <marc:datafield ind1="1" ind2=" " tag="520">
      <marc:subfield code="a">Als man den Naturschützer Lawrence Anthony fragte, ob er eine Herde verhaltensauffälliger, wilder Elefanten in seinem Tierreservat in Südafrika aufnehmen würde, rieten ihm alle ab. Doch für die Elefanten war es die letzte Chance: Sonst hätte man sie gesamte Herde töten müssen. Anthony nahm sie auf, um ihr Leben zu retten. Bald wird er ein Teil ihrer Herde. Es entsteht eine unglaubliche Freundschaft. Inzwischen nennen ihn seine Mitmenschen nur noch: den Elefantenflüsterer. In diesem Buch beschreibt Anthony, wie viel ihm die Elefanten über das Leben, über die Freiheit und über Loyalität beigebracht haben.</marc:subfield>
   </marc:datafield>
   <marc:datafield ind1=" " ind2=" " tag="020">
      <marc:subfield code="a">9783868825244</marc:subfield>
      <marc:subfield code="9">9783868825244</marc:subfield>
   </marc:datafield>
</marc:record>
